Martin Luther: Traktat über das kirchliche Asylrecht
Zapisane w:
| Główni autorzy: | , |
|---|---|
| Format: | Książka |
| Język: | niemiecki łaciński |
| Wydane: |
Ratisbona
Dietrich Emme
1985
|
| Hasła przedmiotowe: | |
| Etykiety: |
Dodaj etykietę
Nie ma etykietki, Dołącz pierwszą etykiete!
|
MARC
| LEADER | 00000nam a2200000 a 4500 | ||
|---|---|---|---|
| 001 | UCN3313 | ||
| 003 | CL-VaPUC | ||
| 008 | 010622e19850000GW |||||||||||||||||ger|d | ||
| 041 | 0 | 7 | |a ger |2 CL-VaPUC |
| 041 | 0 | 7 | |a lat |2 CL-VaPUC |
| 082 | 0 | 4 | |a 284.1 |b EMM |2 21 |
| 100 | 0 | |a Emme, Barbara |e author |9 459832 | |
| 600 | 0 | |a Lutero, Martín |d 1483-1546 |9 859309 | |
| 700 | 0 | |a Emme, Dietrich |e author |9 459833 | |
| 245 | 1 | 0 | |a Martin Luther: Traktat über das kirchliche Asylrecht |
| 300 | |a 104 p | ||
| 942 | |c BK | ||
| 945 | |d 20010622 00:00:00 |a cmena | ||
| 260 | |a Ratisbona |b Dietrich Emme |c 1985 | ||
| 650 | 0 | |a Protestantismo |9 317293 | |
| 650 | 7 | |a MOVIMIENTOS RELIGIOSOS |2 CL-VaPUC |9 346572 | |
| 650 | 7 | |a REFORMA RELIGIOSA |2 CL-VaPUC |9 257490 | |
| 650 | 0 | |a Teología |9 258766 | |
| 650 | 0 | |a Filosofía cristiana |9 265980 | |
| 583 | |a last modification |c 20010622 00:00:00 |k Rodrigo Vera | ||
| 999 | |c 296238 |d 296236 | ||
| 952 | |0 0 |1 0 |4 0 |6 284_100000000000000_EMM_1985 |7 0 |8 P |9 349874 |a BIBEDU |b BIBEDU |d 2019-11-20 |i 3720985 |o 284.1 EMM 1985 |p 3720985 |r 2019-11-20 |w 2019-11-20 |y BK |k BME | ||